Subaha an̐dhere patha para. (Record no. 75113)

MARC details
000 -LEADER
fixed length control field 00523cam a22002171 4500
001 - CONTROL NUMBER
control field sa 67005317
003 - CONTROL NUMBER IDENTIFIER
control field DLC
005 - DATE AND TIME OF LATEST TRANSACTION
control field 20260227112356.0
008 - FIXED-LENGTH DATA ELEMENTS--GENERAL INFORMATION
fixed length control field 891030t19671966ii 000 1 hino
010 ## - LIBRARY OF CONGRESS CONTROL NUMBER
LC control number sa 67005317
035 ## - SYSTEM CONTROL NUMBER
System control number (OCoLC)20572141
040 ## - CATALOGING SOURCE
Original cataloging agency DLC
Transcribing agency WaU
Modifying agency DLC
042 ## - AUTHENTICATION CODE
Authentication code premarc
050 00 - LIBRARY OF CONGRESS CALL NUMBER
Classification number PK2098.39.I57
Item number S9
100 1# - MAIN ENTRY--PERSONAL NAME
Personal name Sinha, Shuresh,
Dates associated with a name 1940-
245 10 - TITLE STATEMENT
Title Subaha an̐dhere patha para.
260 ## - PUBLICATION, DISTRIBUTION, ETC.
Date of publication, distribution, etc. [1967, c1966]
300 ## - PHYSICAL DESCRIPTION
Extent 416 p.
Dimensions 19 cm.
500 ## - GENERAL NOTE
General note In Hindi.
500 ## - GENERAL NOTE
General note A novel.

No items available.

Powered by Koha